000 00637nam a22001695i 4500
001 152799
003 ES-MaACL
005 20230906204858.0
008 970612s1896 fr |||| | fre d
040 _aAR
_bspa
_cAR
100 1 _aBrunetière, Ferdinand.
_932173
245 1 3 _aLa renaissance de l'idéalisme
_b: [conférence prononcée à Besançon, le 2 février 1896] /
_cFerdinand Brunetiére.
260 _aParis :
_bLibrairie de Firmin Didot,
_c1896.
300 _aXI, 14-88 p. ;
_c16 cm.
650 0 4 _aIdealismo.
_913524
852 _aES-MaACL
_jT-194-F-2
_z-- Enc. hol. conservando la cub. original
_z-- Enc. en un vol. facticio
999 _c152799
_d152799